00257nam a2200085Ia 4500008004100000100001700041245006700058260003800125300000800163201217s9999 xx 000 0 und d aKannappan, S 0aHuman Resource Development and Productivity : New Perspectives aNew DelhibNational Ports Council a203